00698nam a2200241 a 4500001001300000003000900013005001700022008004100039020001000080082001500090100002000105245005400125260003600179300000900215500003500224505001300259650001900272700002000291902000800311942000700319952011500326999001500441nice12345678IN_TiNIC20260116012218.0050524s1901 lona grp 000 0 eng  ac10000a274.2bSTE aStephens, W R W aEnglish Church from the Norman Conquest 1066-1272 aLondonbMacmillan and Co.c1901 a351p aincludes index and biblioraphy2 aAppendix aChurch-England1 aStephens, W R W bSRS cBK 001040708StackRoom-aHMIbHMId2008-04-15g100.00l0o274.2 STEp08492r2008-04-15v100.00w2005-05-24yBK c6098d6098